[Event "CYCC U16"]
[Site "Vancouver CAN"]
[Date "2012.07.05"]
[Round "5"]
[White "Dukic, Zachary"]
[Black "Wu, Stanley"]
[Result "0-1"]
[WhiteElo "1947"]
[BlackElo "1307"]
[PlyCount "82"]
[GameId "2160767909508969"]
[EventDate "2012.07.03"]
[EventType "swiss"]
[EventRounds "7"]
[EventCountry "CAN"]
[SourceTitle "EXT 2022"]
[Source "ChessBase"]
[SourceDate "2021.10.06"]
[SourceVersion "1"]
[SourceVersionDate "2021.10.06"]
[SourceQuality "1"]

1. e4 e5 2. Nc3 Nf6 3. f4 d6 4. Nf3 Nc6 5. Bb5 exf4 6. d4 a6 7. Bc4 Be7 8. O-O O-O 9. Bxf4 Nxe4 10. Nxe4 d5 11. Bd3 dxe4 12. Bxe4 Bd6 13. Be3 Bg4 14. h3 Bh5 15. Qd3 Bg6 16. Bxg6 hxg6 17. Ng5 Ne7 18. g4 Nd5 19. Bd2 Nf6 20. Qb3 Qd7 21. Rae1 b6 22. Qf3 Rae8 23. Qf2 Nxg4 24. Qh4 Nh6 25. Ne4 Be7 26. Ng5 Bxg5 27. Bxg5 Nf5 28. Qg4 Qxd4+ 29. Qxd4 Nxd4 30. Be7 Nxc2 31. Bxf8 Rxe1 32. Rxe1 Nxe1 33. Be7 Nd3 34. b4 c5 35. bxc5 bxc5 36. Kf1 f5 37. Ke2 Kf7 38. Bg5 Ne5 39. Be3 c4 40. Bd4 Ke6 41. Ke3 g5 0-1

[Event "CYCC U16"]
[Site "Vancouver CAN"]
[Date "2012.07.05"]
[Round "5"]
[White "Florea, Alexandru"]
[Black "Itkin, David"]
[Result "1-0"]
[WhiteElo "2033"]
[BlackElo "2198"]
[PlyCount "73"]
[GameId "2160767909508970"]
[EventDate "2012.07.03"]
[EventType "swiss"]
[EventRounds "7"]
[EventCountry "CAN"]
[SourceTitle "EXT 2022"]
[Source "ChessBase"]
[SourceDate "2021.10.06"]
[SourceVersion "1"]
[SourceVersionDate "2021.10.06"]
[SourceQuality "1"]

1. e4 c5 2. Nc3 Nc6 3. g3 g6 4. Bg2 Bg7 5. d3 d6 6. Be3 Nf6 7. h3 e5 8. Nge2 Nd4 9. Qd2 Rb8 10. Nd1 d5 11. Nxd4 cxd4 12. Bh6 O-O 13. Bxg7 Kxg7 14. O-O dxe4 15. dxe4 Be6 16. b3 Qc7 17. Kh2 Rbc8 18. Rc1 Bd7 19. c4 Bc6 20. Re1 b6 21. Nb2 Qb7 22. Qg5 Nd7 23. b4 h6 24. Qd2 f5 25. f3 fxe4 26. fxe4 Nf6 27. b5 Bd7 28. Nd3 Qc7 29. Qb4 Be6 30. c5 Nd7 31. cxb6 Qxb6 32. Rxc8 Rxc8 33. Rf1 Bc4 34. Qe7+ Kg8 35. Qxd7 Qc7 36. Qxc7 Rxc7 37. Rc1 1-0

[Event "CYCC U16"]
[Site "Vancouver CAN"]
[Date "2012.07.05"]
[Round "5"]
[White "Li, Kevin"]
[Black "Semianiuk, Konstantin"]
[Result "0-1"]
[WhiteElo "2232"]
[BlackElo "2207"]
[PlyCount "72"]
[GameId "2160767909508971"]
[EventDate "2012.07.03"]
[EventType "swiss"]
[EventRounds "7"]
[EventCountry "CAN"]
[SourceTitle "EXT 2022"]
[Source "ChessBase"]
[SourceDate "2021.10.06"]
[SourceVersion "1"]
[SourceVersionDate "2021.10.06"]
[SourceQuality "1"]

1. e4 c5 2. Nf3 Nc6 3. d4 cxd4 4. Nxd4 Qb6 5. Nb3 Nf6 6. Nc3 e6 7. a3 Be7 8. Be3 Qc7 9. f4 d6 10. Bd3 a6 11. O-O b5 12. Qe2 Bb7 13. Rad1 b4 14. axb4 Nxb4 15. h3 Nd7 16. Qf2 O-O 17. Nd4 Nc5 18. Qg3 Bf6 19. Nf3 g6 20. f5 exf5 21. exf5 Ncxd3 22. cxd3 Rfe8 23. Bg5 Bxc3 24. bxc3 Qxc3 25. Bd2 Qc5+ 26. d4 Qb6 27. f6 Bxf3 28. Rxf3 Qxd4+ 29. Kh1 Re5 30. Rf4 Qd3 31. Qxd3 Nxd3 32. Rf3 Rd5 33. Rb1 Re8 34. Rb7 Ne5 35. Rfb3 Rxd2 36. Rb8 Kf8 0-1

[Event "CYCC U16"]
[Site "Vancouver CAN"]
[Date "2012.07.05"]
[Round "5"]
[White "Sohal, Tanraj"]
[Black "Song, Lin"]
[Result "1-0"]
[WhiteElo "2202"]
[BlackElo "1954"]
[PlyCount "85"]
[GameId "2160767909508972"]
[EventDate "2012.07.03"]
[EventType "swiss"]
[EventRounds "7"]
[EventCountry "CAN"]
[SourceTitle "EXT 2022"]
[Source "ChessBase"]
[SourceDate "2021.10.06"]
[SourceVersion "1"]
[SourceVersionDate "2021.10.06"]
[SourceQuality "1"]

1. d4 Nf6 2. c4 g6 3. Nc3 Bg7 4. e4 d6 5. Nf3 O-O 6. Be2 e5 7. O-O Nc6 8. d5 Ne7 9. Ne1 Nd7 10. Nd3 f5 11. Bd2 f4 12. Bg4 Nf6 13. Bxc8 Rxc8 14. c5 g5 15. f3 Ne8 16. Qb3 Rb8 17. Rac1 Rf6 18. Nb5 a6 19. Na3 Rg6 20. Nc4 Kh8 21. cxd6 Nxd6 22. Ncxe5 Rf6 23. a4 Ng6 24. Bc3 Nxe5 25. Bxe5 Rf7 26. Bxg7+ Rxg7 27. Nc5 Qf6 28. Ne6 Rf7 29. Qc3 Qxc3 30. Rxc3 Rg8 31. Nxc7 g4 32. Kh1 gxf3 33. gxf3 Rfg7 34. Ne6 Rg2 35. Nxf4 Rxb2 36. Rg1 Ra2 37. Rxg8+ Kxg8 38. e5 Nf5 39. d6 Kf7 40. Rc7+ Ke8 41. d7+ Ke7 42. Ne6 Ra1+ 43. Kg2 1-0

[Event "CYCC U16"]
[Site "Vancouver CAN"]
[Date "2012.07.05"]
[Round "5"]
[White "Toi, Andrew"]
[Black "Lee, Andrew"]
[Result "1-0"]
[WhiteElo "1167"]
[BlackElo "1682"]
[PlyCount "81"]
[GameId "2160767909508973"]
[EventDate "2012.07.03"]
[EventType "swiss"]
[EventRounds "7"]
[EventCountry "CAN"]
[SourceTitle "EXT 2022"]
[Source "ChessBase"]
[SourceDate "2021.10.06"]
[SourceVersion "1"]
[SourceVersionDate "2021.10.06"]
[SourceQuality "1"]

1. e4 c5 2. Nf3 d6 3. d4 cxd4 4. Nxd4 Nf6 5. Nc3 a6 6. Be2 e6 7. Be3 Be7 8. Qd2 Qc7 9. O-O-O b5 10. Ndxb5 axb5 11. Nxb5 Qd8 12. Kb1 O-O 13. Nxd6 Qxd6 14. Qxd6 Bxd6 15. Rxd6 Nxe4 16. Rd4 Nf6 17. Rhd1 Bb7 18. g3 Nc6 19. Rh4 Rfd8 20. Rxd8+ Rxd8 21. Bg5 Nd4 22. Bd3 Nf3 23. Bxf6 Nxh4 24. Bxd8 Nf3 25. h4 e5 26. c3 e4 27. Be2 Ne5 28. b4 f5 29. a4 Kf8 30. Bb6 Ke7 31. a5 Kd6 32. Bd4 Nd3 33. b5 Nc5 34. Bxg7 Ne6 35. Bh6 Ba8 36. Kb2 Nc7 37. Kb3 Bd5+ 38. Kb4 Na8 39. c4 Bb7 40. a6 Bc8 41. c5+ 1-0

[Event "CYCC U16"]
[Site "Vancouver CAN"]
[Date "2012.07.05"]
[Round "5"]
[White "Zheng, Kyle"]
[Black "Van Dusen, Colin"]
[Result "1-0"]
[WhiteElo "1299"]
[BlackElo "972"]
[PlyCount "51"]
[GameId "2160767909508974"]
[EventDate "2012.07.03"]
[EventType "swiss"]
[EventRounds "7"]
[EventCountry "CAN"]
[SourceTitle "EXT 2022"]
[Source "ChessBase"]
[SourceDate "2021.10.06"]
[SourceVersion "1"]
[SourceVersionDate "2021.10.06"]
[SourceQuality "1"]

1. f4 d5 2. g3 c6 3. Bg2 Nf6 4. Nf3 Bg4 5. d3 Bxf3 6. Bxf3 g6 7. c3 Bg7 8. O-O O-O 9. Qe1 d4 10. Na3 Na6 11. Nc2 dxc3 12. bxc3 Nd5 13. d4 c5 14. e4 Ndc7 15. Qd2 Nb5 16. Rb1 Nxc3 17. Qxc3 Bxd4+ 18. Nxd4 Qxd4+ 19. Qxd4 cxd4 20. Ba3 Rfe8 21. Be2 e5 22. Bxa6 bxa6 23. Rb7 d3 24. fxe5 Rxe5 25. Rfxf7 d2 26. Rg7+ 1-0

[Event "CYCC U16"]
[Site "Vancouver CAN"]
[Date "2012.07.05"]
[Round "6"]
[White "Itkin, David"]
[Black "Dukic, Zachary"]
[Result "1-0"]
[WhiteElo "2198"]
[BlackElo "1947"]
[PlyCount "49"]
[GameId "2160767909508975"]
[EventDate "2012.07.03"]
[EventType "swiss"]
[EventRounds "7"]
[EventCountry "CAN"]
[SourceTitle "EXT 2022"]
[Source "ChessBase"]
[SourceDate "2021.10.06"]
[SourceVersion "1"]
[SourceVersionDate "2021.10.06"]
[SourceQuality "1"]

1. e4 c5 2. Nf3 d6 3. d4 cxd4 4. Nxd4 Nf6 5. f3 Nc6 6. c4 g6 7. Be3 Bg7 8. Nc3 O-O 9. Qd2 Bd7 10. Be2 Rc8 11. O-O Ne5 12. b3 a6 13. Rac1 Bc6 14. Rfd1 Re8 15. Bf1 Ned7 16. Qf2 Qa5 17. Qb2 Qc7 18. b4 b6 19. Nd5 Bxd5 20. cxd5 Qb7 21. Qe2 Nb8 22. g3 Rxc1 23. Rxc1 Rc8 24. Nc6 b5 25. Nxe7+ 1-0

[Event "CYCC U16"]
[Site "Vancouver CAN"]
[Date "2012.07.05"]
[Round "6"]
[White "Semianiuk, Konstantin"]
[Black "Wu, Stanley"]
[Result "1-0"]
[WhiteElo "2207"]
[BlackElo "1307"]
[PlyCount "67"]
[GameId "2160767909508976"]
[EventDate "2012.07.03"]
[EventType "swiss"]
[EventRounds "7"]
[EventCountry "CAN"]
[SourceTitle "EXT 2022"]
[Source "ChessBase"]
[SourceDate "2021.10.06"]
[SourceVersion "1"]
[SourceVersionDate "2021.10.06"]
[SourceQuality "1"]

1. e4 e5 2. Nf3 Nc6 3. d4 exd4 4. c3 dxc3 5. Nxc3 Bc5 6. Bc4 d6 7. Qb3 Qf6 8. Nd5 Qd8 9. O-O Nh6 10. Bg5 f6 11. Nxf6+ gxf6 12. Bxh6 Qe7 13. Nh4 Bb6 14. Qf3 Be6 15. Bxe6 Qxe6 16. Bg7 Rg8 17. Bxf6 Kd7 18. Qf5 Rae8 19. Qxh7+ Kc8 20. Qf5 Rgf8 21. Qxe6+ Rxe6 22. Bc3 Rxe4 23. Nf3 Re2 24. Rae1 Rfe8 25. h4 d5 26. h5 d4 27. Rxe2 Rxe2 28. Bd2 Ba5 29. Bxa5 Nxa5 30. Nxd4 Rxb2 31. h6 Rb6 32. Nf5 Re6 33. h7 Re8 34. Ne7+ 1-0

[Event "CYCC U16"]
[Site "Vancouver CAN"]
[Date "2012.07.05"]
[Round "6"]
[White "Sohal, Tanraj"]
[Black "Florea, Alexandru"]
[Result "1/2-1/2"]
[WhiteElo "2202"]
[BlackElo "2033"]
[PlyCount "80"]
[GameId "2160767909508977"]
[EventDate "2012.07.03"]
[EventType "swiss"]
[EventRounds "7"]
[EventCountry "CAN"]
[SourceTitle "EXT 2022"]
[Source "ChessBase"]
[SourceDate "2021.10.06"]
[SourceVersion "1"]
[SourceVersionDate "2021.10.06"]
[SourceQuality "1"]

1. d4 Nf6 2. c4 e6 3. Nf3 b6 4. g3 Bb7 5. Bg2 c5 6. d5 exd5 7. Nh4 Qc8 8. cxd5 d6 9. O-O g6 10. Nc3 Bg7 11. e4 O-O 12. Re1 Re8 13. f3 Qd7 14. Bf1 Ba6 15. Qb3 Bxf1 16. Rxf1 Na6 17. Bd2 Nc7 18. Rae1 b5 19. Qc2 b4 20. Ne2 Qb5 21. Bf4 Qa6 22. b3 Nb5 23. Ng2 Nd7 24. Ne3 Nb6 25. Nc4 Nxc4 26. Qxc4 Qb6 27. Be3 f5 28. Nf4 fxe4 29. Ne6 Nc3 30. fxe4 Rac8 31. Bf4 Bd4+ 32. Kg2 Qb5 33. Bxd6 Qxc4 34. bxc4 Nxa2 35. Nxd4 cxd4 36. Rf2 Nc3 37. Bxb4 Rxc4 38. Bxc3 dxc3 39. e5 c2 40. Rc1 Rxe5 1/2-1/2

[Event "CYCC U16"]
[Site "Vancouver CAN"]
[Date "2012.07.05"]
[Round "6"]
[White "Song, Lin"]
[Black "Toi, Andrew"]
[Result "1/2-1/2"]
[WhiteElo "1954"]
[BlackElo "1167"]
[PlyCount "62"]
[GameId "2160767909508978"]
[EventDate "2012.07.03"]
[EventType "swiss"]
[EventRounds "7"]
[EventCountry "CAN"]
[SourceTitle "EXT 2022"]
[Source "ChessBase"]
[SourceDate "2021.10.06"]
[SourceVersion "1"]
[SourceVersionDate "2021.10.06"]
[SourceQuality "1"]

1. e4 c5 2. Na3 Nc6 3. c3 e6 4. Nf3 d5 5. exd5 exd5 6. Be2 Nf6 7. Nc2 Be7 8. O-O O-O 9. d4 Re8 10. Re1 a6 11. h3 Be6 12. Be3 b6 13. Bd3 h6 14. Qd2 c4 15. Be2 Kh7 16. Qd1 Bd6 17. Nd2 Qd7 18. Bf1 b5 19. Qf3 a5 20. Bf4 b4 21. Bxd6 Qxd6 22. Rab1 Qd7 23. Ne3 Reb8 24. Be2 a4 25. a3 bxc3 26. bxc3 Qe7 27. Nc2 Qd7 28. Nb4 Na5 29. Bd1 Nb3 30. Bc2+ Kg8 31. Rbd1 Qd6 1/2-1/2

[Event "CYCC U16"]
[Site "Vancouver CAN"]
[Date "2012.07.05"]
[Round "6"]
[White "Van Dusen, Colin"]
[Black "Burgert, Conrad"]
[Result "0-1"]
[WhiteElo "972"]
[BlackElo "1250"]
[PlyCount "98"]
[GameId "2160767909508979"]
[EventDate "2012.07.03"]
[EventType "swiss"]
[EventRounds "7"]
[EventCountry "CAN"]
[SourceTitle "EXT 2022"]
[Source "ChessBase"]
[SourceDate "2021.10.06"]
[SourceVersion "1"]
[SourceVersionDate "2021.10.06"]
[SourceQuality "1"]

1. e4 c5 2. Nf3 Nc6 3. Bb5 a6 4. Bxc6 bxc6 5. d4 cxd4 6. Nxd4 Nf6 7. Nc3 e5 8. Nb3 Bb4 9. Bd2 d6 10. Qe2 Bg4 11. f3 Bh5 12. g4 Bg6 13. a3 Bxc3 14. Bxc3 h5 15. O-O-O hxg4 16. fxg4 Bxe4 17. g5 Bxh1 18. gxf6 Bd5 19. fxg7 Qg5+ 20. Bd2 Qxg7 21. Qe3 Rxh2 22. Bb4 Qh7 23. Qc3 Bf3 24. Bxd6 Rxc2+ 25. Qxc2 Qxc2+ 26. Kxc2 Bxd1+ 27. Kxd1 Rd8 28. Kc1 Rxd6 29. Nc5 Kd8 30. Nb7+ Kc7 31. Nxd6 Kxd6 32. b4 f5 33. Kd2 f4 34. a4 f3 35. Ke3 e4 36. b5 cxb5 37. axb5 axb5 38. Kd2 f2 39. Ke2 e3 40. Kxe3 f1=Q 41. Kd2 Qf3 42. Kc2 Qe3 43. Kb2 Qd3 44. Ka2 Qc3 45. Kb1 Qd2 46. Ka1 Kc5 47. Kb1 Kc4 48. Ka1 Kb3 49. Kb1 Qb2# 0-1

[Event "CYCC U16"]
[Site "Vancouver CAN"]
[Date "2012.07.05"]
[Round "6"]
[White "Zheng, Kyle"]
[Black "Li, Kevin"]
[Result "0-1"]
[WhiteElo "1299"]
[BlackElo "2232"]
[PlyCount "118"]
[GameId "2160767909508980"]
[EventDate "2012.07.03"]
[EventType "swiss"]
[EventRounds "7"]
[EventCountry "CAN"]
[SourceTitle "EXT 2022"]
[Source "ChessBase"]
[SourceDate "2021.10.06"]
[SourceVersion "1"]
[SourceVersionDate "2021.10.06"]
[SourceQuality "1"]

1. f4 d5 2. g3 Nf6 3. Bg2 e6 4. Nf3 c5 5. d3 Nc6 6. O-O Be7 7. Qe1 d4 8. Na3 O-O 9. e4 dxe3 10. Bxe3 Nd4 11. h3 Nxf3+ 12. Bxf3 Qc7 13. Nc4 Nd5 14. Bf2 Bf6 15. c3 b6 16. Rd1 Bb7 17. Qe2 Rac8 18. Rfe1 Rfd8 19. Ne3 Nxe3 20. Qxe3 Bxf3 21. Qxf3 Rd5 22. Re4 Rcd8 23. Re3 g6 24. Kg2 b5 25. Qe2 Qc6 26. Kh2 Qd7 27. Be1 Rd6 28. Rf3 Ra6 29. Ra1 Rd6 30. Rd1 Qb7 31. Re3 Qa6 32. Ra1 Qb7 33. Rd1 a5 34. Qf3 Qa6 35. Qe2 b4 36. c4 Qc6 37. b3 a4 38. Bf2 Ra8 39. Qf3 axb3 40. axb3 Ra2 41. Qxc6 Rxc6 42. Kg1 Bd4 43. Rf3 Rb2 44. Bxd4 cxd4 45. Ra1 Rxb3 46. Ra8+ Kg7 47. Rb8 Rxc4 48. dxc4 Rxf3 49. Rxb4 Rxg3+ 50. Kf2 Rxh3 51. c5 Rc3 52. Rxd4 Rxc5 53. Kf3 Rc3+ 54. Kg4 h5+ 55. Kh4 Kh6 56. Rd7 f6 57. Rh7+ Kxh7 58. f5 gxf5 59. Kxh5 Rh3# 0-1

[Event "CYCC U16"]
[Site "Vancouver CAN"]
[Date "2012.07.05"]
[Round "7"]
[White "Burgert, Conrad"]
[Black "Dukic, Zachary"]
[Result "0-1"]
[WhiteElo "1250"]
[BlackElo "1947"]
[PlyCount "44"]
[GameId "2160767909508981"]
[EventDate "2012.07.03"]
[EventType "swiss"]
[EventRounds "7"]
[EventCountry "CAN"]
[SourceTitle "EXT 2022"]
[Source "ChessBase"]
[SourceDate "2021.10.06"]
[SourceVersion "1"]
[SourceVersionDate "2021.10.06"]
[SourceQuality "1"]

1. d4 Nf6 2. c4 g6 3. Nc3 Bg7 4. Nf3 O-O 5. Bf4 d6 6. Qd2 Bg4 7. Bh6 Bxf3 8. gxf3 Nc6 9. Bxg7 Kxg7 10. Ne4 e5 11. d5 Nd4 12. Bg2 Nd7 13. Ng3 Qf6 14. Rg1 Kh8 15. Ne4 Qf4 16. O-O-O Nxe2+ 17. Kc2 Nxg1 18. Rxg1 Qxd2+ 19. Kxd2 a5 20. a4 f5 21. Ng5 Nc5 22. Ra1 Nb3+ 0-1

[Event "CYCC U16"]
[Site "Vancouver CAN"]
[Date "2012.07.06"]
[Round "7"]
[White "Florea, Alexandru"]
[Black "Li, Kevin"]
[Result "1/2-1/2"]
[WhiteElo "2033"]
[BlackElo "2232"]
[PlyCount "63"]
[GameId "2160767909508982"]
[EventDate "2012.07.03"]
[EventType "swiss"]
[EventRounds "7"]
[EventCountry "CAN"]
[SourceTitle "hb 2012"]

1. e4 c5 2. Nc3 Nc6 3. g3 g6 4. Bg2 Bg7 5. d3 d6 6. Be3 Nf6 7. h3 O-O 8. Qd2 Bh8 9. Nge2 Bd7 10. O-O Ne8 11. f4 Nd4 12. Rae1 Rc8 13. Nd1 Qc7 14. c3 Nxe2+ 15. Rxe2 f5 16. exf5 gxf5 17. Rfe1 Bg7 18. Nf2 Nf6 19. c4 Nh5 20. Kh2 e5 21. Bd5+ Kh8 22. fxe5 Bxe5 23. Bf4 Nxf4 24. gxf4 Bf6 25. Nd1 Rce8 26. Rg2 Rxe1 27. Qxe1 Qc8 28. Nc3 b6 29. Qg3 Qd8 30. h4 Qe8 31. Kh3 Bd4 32. Re2 1/2-1/2

[Event "CYCC U16"]
[Site "Vancouver CAN"]
[Date "2012.07.06"]
[Round "7"]
[White "Itkin, David"]
[Black "Sohal, Tanraj"]
[Result "1-0"]
[WhiteElo "2198"]
[BlackElo "2202"]
[PlyCount "55"]
[GameId "2160767909508983"]
[EventDate "2012.07.03"]
[EventType "swiss"]
[EventRounds "7"]
[EventCountry "CAN"]
[SourceTitle "hb 2012"]

1. e4 c5 2. Nf3 e6 3. Nc3 Nc6 4. d4 cxd4 5. Nxd4 Nf6 6. Be2 Bb4 7. O-O O-O 8. Nxc6 dxc6 9. e5 Nd7 10. Qd4 Qa5 11. Bf4 c5 12. Qd3 Bxc3 13. bxc3 Nb6 14. Qg3 Kh8 15. c4 Bd7 16. Bd3 f5 17. exf6 gxf6 18. Qh4 Rf7 19. Bg6 Raf8 20. Bxf7 Rxf7 21. Rfd1 Qa4 22. Qh5 Kg8 23. Rd3 Qxc4 24. Rg3+ Rg7 25. Rxg7+ Kxg7 26. Qh6+ Kg8 27. Bd6 Kf7 28. Qxh7+ 1-0

[Event "CYCC U16"]
[Site "Vancouver CAN"]
[Date "2012.07.06"]
[Round "7"]
[White "Toi, Andrew"]
[Black "Semianiuk, Konstantin"]
[Result "1/2-1/2"]
[WhiteElo "1167"]
[BlackElo "2207"]
[PlyCount "23"]
[GameId "2160767909508984"]
[EventDate "2012.07.03"]
[EventType "swiss"]
[EventRounds "7"]
[EventCountry "CAN"]
[SourceTitle "hb 2012"]

1. e4 c5 2. Nf3 Nc6 3. d4 cxd4 4. Nxd4 e5 5. Nb3 Nf6 6. Nc3 Bb4 7. f3 Bxc3+ 8. bxc3 d5 9. Bg5 dxe4 10. Qxd8+ Nxd8 11. Bxf6 gxf6 12. fxe4 1/2-1/2

[Event "CYCC U16"]
[Site "Vancouver CAN"]
[Date "2012.07.06"]
[Round "7"]
[White "Wu, Stanley"]
[Black "Van Dusen, Colin"]
[Result "1-0"]
[WhiteElo "1307"]
[BlackElo "972"]
[PlyCount "37"]
[GameId "2160767909508985"]
[EventDate "2012.07.03"]
[EventType "swiss"]
[EventRounds "7"]
[EventCountry "CAN"]
[SourceTitle "hb 2012"]

1. e4 e5 2. Nf3 Nc6 3. Bc4 Nf6 4. d3 d5 5. exd5 Nxd5 6. c3 Bg4 7. Qb3 Nce7 8. Nxe5 Be6 9. Qxb7 f6 10. Bb5+ c6 11. Nxc6 Qc8 12. Nxe7+ Kd8 13. Nxc8 Rxc8 14. Qxa7 Bc5 15. Qa4 Nb6 16. Qh4 Bd6 17. Qd4 Bb3 18. Qxd6+ Nd7 19. Qxd7# 1-0

[Event "CYCC U16"]
[Site "Vancouver CAN"]
[Date "2012.07.08"]
[Round "7"]
[White "Lee, Andrew"]
[Black "Zheng, Kyle"]
[Result "0-1"]
[WhiteElo "1682"]
[BlackElo "1299"]
[PlyCount "104"]
[GameId "2160767909508986"]
[EventDate "2012.07.03"]
[EventType "swiss"]
[EventRounds "7"]
[EventCountry "CAN"]
[SourceTitle "hb 2012"]

1. e4 e5 2. Nf3 Nc6 3. Bb5 a6 4. Ba4 Bc5 5. O-O b5 6. Bb3 Nf6 7. d3 O-O 8. h3 h6 9. Re1 Re8 10. c3 Bb7 11. Nbd2 Bb6 12. Nf1 d5 13. Be3 d4 14. cxd4 Nxd4 15. Nxd4 Bxd4 16. Qe2 a5 17. Bxd4 Qxd4 18. Ng3 Rad8 19. Rad1 g6 20. Qf3 Kg7 21. Rd2 a4 22. Bd1 Qb4 23. Qe3 Nxe4 24. Nxe4 Bxe4 25. Ree2 Bb7 26. a3 Qd6 27. h4 f5 28. f3 Re7 29. d4 Red7 30. dxe5 Qe7 31. Rxd7 Rxd7 32. Bc2 Qxh4 33. Qc3 Qd4+ 34. Qxd4 Rxd4 35. Kf2 f4 36. b3 axb3 37. Bxb3 Bd5 38. Bxd5 Rxd5 39. e6 Kf8 40. e7+ Ke8 41. Rc2 c5 42. Re2 g5 43. g3 c4 44. g4 Rd3 45. Re5 c3 46. Rc5 Kxe7 47. Ke2 Re3+ 48. Kf2 Kd6 49. Rc8 Kd5 50. Rd8+ Kc4 51. Rd1 c2 52. Rd8 Kb3 0-1

[Event "CYCC U16 w"]
[Site "Vancouver CAN"]
[Date "2012.07.03"]
[Round "1"]
[White "Kalaydina, Regina Veronicka"]
[Black "Foote, Joanne"]
[Result "1-0"]
[WhiteElo "1990"]
[BlackElo "1526"]
[PlyCount "129"]
[GameId "2160767909508987"]
[EventDate "2012.07.03"]
[EventType "tourn"]
[EventRounds "6"]
[EventCountry "CAN"]
[SourceTitle "hb 2012"]

1. d4 d5 2. c4 e6 3. Nc3 Nf6 4. cxd5 exd5 5. Bg5 Be6 6. e3 Be7 7. Bd3 Nbd7 8. Nge2 O-O 9. O-O Re8 10. Rc1 c6 11. Qc2 h6 12. Bh4 Rc8 13. Nf4 Nf8 14. Bg3 Bd6 15. Qb1 Kh8 16. b4 Bd7 17. Nfxd5 Bxg3 18. Nxf6 Bxh2+ 19. Kxh2 Qxf6 20. Ne4 Qd8 21. Nd6 Qc7 22. f4 Qxd6 23. e4 Ne6 24. e5 Qxd4 25. Rc4 Qb6 26. f5 Ng5 27. e6 fxe6 28. f6 Qc7+ 29. Kh1 Rf8 30. Qd1 Be8 31. Rh4 Rd8 32. Qg4 Kg8 33. Bc4 Rd6 34. Qg3 Rd7 35. Qc3 Rdf7 36. Rhf4 Qd8 37. fxg7 Rxf4 38. gxf8=Q+ Kxf8 39. Rxf4+ Bf7 40. Qh8+ Ke7 41. Qf6+ Ke8 42. Qxh6 Qd1+ 43. Kh2 Qh5+ 44. Qxh5 Bxh5 45. g4 Bf7 46. Kg3 Ke7 47. Rf1 Ne4+ 48. Kh4 c5 49. bxc5 Nxc5 50. Kg5 Nd7 51. Kh6 Ne5 52. Be2 Ng6 53. Kg7 Be8 54. Rc1 Kd6 55. Rc8 Kd7 56. Rxe8 Kxe8 57. Kxg6 Ke7 58. Kg7 e5 59. g5 e4 60. g6 e3 61. Kh6 Kf8 62. g7+ Kg8 63. Kg6 b5 64. Bxb5 e2 65. Bc4# 1-0

[Event "CYCC U16 w"]
[Site "Vancouver CAN"]
[Date "2012.07.03"]
[Round "1"]
[White "Xiao, Alice"]
[Black "Ding, Jill"]
[Result "1-0"]
[WhiteElo "1821"]
[BlackElo "1540"]
[PlyCount "45"]
[GameId "2160767909508988"]
[EventDate "2012.07.03"]
[EventType "tourn"]
[EventRounds "6"]
[EventCountry "CAN"]
[SourceTitle "hb 2012"]

1. e4 c5 2. Nf3 d6 3. Bc4 Nd7 4. d4 cxd4 5. Qxd4 a6 6. Be2 Ngf6 7. c4 g6 8. Nc3 Bg7 9. Be3 O-O 10. Qd2 Nc5 11. e5 Nfe4 12. Nxe4 Nxe4 13. Qd5 Nc5 14. exd6 exd6 15. Rd1 Qe7 16. Qxd6 Qxd6 17. Rxd6 Ne4 18. Rb6 Rd8 19. O-O Rd6 20. Rxd6 Nxd6 21. Rd1 Nf5 22. Rd8+ Bf8 23. Bc5 1-0

[Event "CYCC U16 w"]
[Site "Vancouver CAN"]
[Date "2012.07.03"]
[Round "2"]
[White "Foote, Joanne"]
[Black "Ding, Jill"]
[Result "1/2-1/2"]
[WhiteElo "1526"]
[BlackElo "1540"]
[PlyCount "93"]
[GameId "2160767909508989"]
[EventDate "2012.07.03"]
[EventType "tourn"]
[EventRounds "6"]
[EventCountry "CAN"]
[SourceTitle "hb 2012"]

1. e4 c5 2. c3 d6 3. d4 cxd4 4. cxd4 Nf6 5. Nc3 g6 6. Nf3 Bg7 7. Be2 O-O 8. O-O Nbd7 9. h3 h6 10. Be3 e5 11. d5 Nh5 12. Qd2 Kh7 13. Rac1 Nc5 14. Bxc5 dxc5 15. Rfd1 Nf4 16. Bf1 f5 17. a3 g5 18. g3 Ng6 19. Kg2 f4 20. g4 Nh4+ 21. Nxh4 gxh4 22. f3 Rg8 23. Kf2 Qg5 24. Be2 Bf8 25. Rh1 c4 26. d6 Be6 27. Nb5 Rd8 28. Bxc4 Bxc4 29. Rxc4 a6 30. Nc7 Rxd6 31. Nd5 h5 32. Rc7+ Rg7 33. Rxg7+ Bxg7 34. Rg1 hxg4 35. Rxg4 Qh6 36. Qe1 Rg6 37. Rxg6 Qxg6 38. Qg1 Qg3+ 39. Qxg3 hxg3+ 40. Kg2 Kg6 41. Ne7+ Kh5 42. Nf5 Bf8 43. a4 a5 44. Kf1 Bh6 45. Nxh6 Kxh6 46. Kg1 Kg5 47. Kf1 1/2-1/2

[Event "CYCC U16 w"]
[Site "Vancouver CAN"]
[Date "2012.07.03"]
[Round "2"]
[White "Kalaydina, Regina Veronicka"]
[Black "Xiao, Alice"]
[Result "0-1"]
[WhiteElo "1990"]
[BlackElo "1821"]
[PlyCount "146"]
[GameId "2160767909508990"]
[EventDate "2012.07.03"]
[EventType "tourn"]
[EventRounds "6"]
[EventCountry "CAN"]
[SourceTitle "hb 2012"]

1. d4 d5 2. c4 e6 3. Nc3 Nf6 4. cxd5 exd5 5. Bg5 Be7 6. e3 O-O 7. Bd3 Be6 8. Nge2 c6 9. O-O Nbd7 10. Rc1 Re8 11. Bb1 Nf8 12. Nf4 N6d7 13. Bxe7 Qxe7 14. Re1 Qg5 15. b4 Bf5 16. b5 Bxb1 17. Rxb1 Nb6 18. a4 Nc4 19. Qh5 Qxh5 20. Nxh5 Nd7 21. Nf4 Ndb6 22. Ra1 a5 23. Nd3 h6 24. Ra2 Rab8 25. Rae2 Rbd8 26. Rb1 Rb8 27. Nc5 Red8 28. Nd1 Kh8 29. Nb2 Kg8 30. Nxc4 Nxc4 31. h3 Kh8 32. Ree1 Na3 33. Rb3 Nc4 34. Rd1 Kg8 35. Kf1 Kh8 36. Ke2 Kg8 37. bxc6 bxc6 38. Rdb1 Rxb3 39. Rxb3 Rc8 40. Rb7 g6 41. Kf3 Kg7 42. Kg3 Kf6 43. Ra7 Kg7 44. Nb7 Rc7 45. e4 dxe4 46. Kf4 Nd6 47. Nxd6 Rxa7 48. Nxe4 Rb7 49. Ke5 Rb4 50. Nc5 Rb2 51. Kd6 Rxf2 52. Kxc6 Rxg2 53. d5 Rd2 54. d6 Kf8 55. Kc7 f5 56. Ne6+ Ke8 57. Kc6 Rc2+ 58. Kb6 Kd7 59. Nf8+ Kxd6 60. Nxg6 Rc5 61. h4 Rd5 62. h5 Ke6 63. Nf4+ Ke5 64. Nxd5 Kxd5 65. Kxa5 f4 66. Kb6 f3 67. a5 f2 68. a6 f1=Q 69. a7 Qf6+ 70. Kb7 Qe7+ 71. Kb8 Qd8+ 72. Kb7 Qd7+ 73. Kb8 Kd6 0-1